|
|
|
|
| LEADER |
00946nam a2200277 4500 |
| 001 |
922 |
| 003 |
BD-DhAAL |
| 005 |
20150224102317.0 |
| 008 |
150224s1974 caua b 001 0 eng |
| 010 |
|
|
|a 73082785
|
| 020 |
|
|
|a 0818500891
|
| 040 |
|
|
|a DLC
|c DLC
|d DLC
|d BD-DhAAL
|
| 050 |
0 |
0 |
|a HQ793
|b .K72
|
| 082 |
0 |
0 |
|a 301.43/15/08
|
| 100 |
1 |
|
|a Kraemer, Hazel V.,
|e comp.
|9 8742
|
| 245 |
1 |
0 |
|a Youth and culture:
|b a human-development approach
|c [compiled by] Hazel V. Kraemer.
|
| 260 |
|
|
|a Monterey, Calif.,
|b Brooks/Cole Pub. Co.
|c [1974]
|
| 300 |
|
|
|a ix, 670 p.
|b illus.
|c 23 cm.
|
| 504 |
|
|
|a Includes bibliographies.
|
| 541 |
|
|
|e 922
|
| 650 |
|
0 |
|a Youth.
|9 8743
|
| 650 |
|
0 |
|a Adolescence.
|9 7354
|
| 650 |
|
0 |
|a Socialization.
|9 8744
|
| 942 |
|
|
|2 ddc
|c BK
|
| 999 |
|
|
|c 33781
|d 33781
|
| 952 |
|
|
|0 0
|1 0
|2 ddc
|4 0
|6 301_431508000000000_KRA
|7 0
|9 52757
|a SCL
|b SCL
|c GEN
|d 2015-02-24
|e Gift: The Asia Foundation
|l 0
|o 301.431508 KRA
|p 3020000922
|r 2015-02-24
|t 1
|w 2015-02-24
|y BK
|